Facial Features - Statistics

General Stats
  • This quiz has been taken 76 times
  • The average score is 7 of 8
Answer Stats
Feature % Correct
Eye
100%
Nose
97%
Ear
91%
Eyebrow
89%
Mouth
89%
Cheek
86%
Chin
80%
Eyelash
55%
No matching quizzes found
Score Distribution
Percent of People with Each Score
Percentile by Number Answered
Your Score History
You have not taken this quiz